000 00436nmm a2200157Ia 4500
008 251105s9999||||xx |||||||||||||||||und||
020 _a9788416110193
041 _aspa
100 _aRomero Gámez, Manuel Jesús
245 0 _aSueño y verdades
264 _a[Madrid, España] :
_bExLibric,
_c2014
300 _a134 páginas
650 _aSpanish narrative
856 _uhttps://public.digitaliapublishing.com/a/85373
942 _cCF
999 _c77257
_d77257